01071nam a22002297a 450000500170000000800410001702000180005804100080007604400070008408200210009110001020011224501100021426001080032430000240043249000440045650400530050050501660055365000190071965000290073870000420076770000320080920130812113212.0090721s2008 ck a frb 001 0 spa d a9789587019964 aspa ack04a587.09861bM977p1 aMurillo Pulido, María TeresauUniversidad Nacional de Colombia (Bogotá). Facultad de Ciencias14aLos pteridófitos de ColombiacMaría Teresa Murillo-Pulido, José Murillo-Aldana, Andrea León-Parra aBogotábUniversidad Nacional de Colombia. Facultad de Ciencias. Instituto de Ciencias Naturalesc2008 a533 p.bil.c24 cm. aBiblioteca José Jerónimo Trianav18 aIncluye referencias bibliográficas e índices0 aIntroducción -- Ciclo de vida de un pteridofito -- Variabilidad morfológica -- Literatura consultada -- índice de nombres científicos -- Lista de taxones17aPteridófitos17aPteridófitoszColombia1 aMurillo Aldana, José Carmelod1964-1 aLeón Parra, Andread1980-